000
00282nam a2200109Ia 4500
008
171204s9999 xx 000 0 und d
245
_a
AutoCAD For Dummies:
245
_c
Bill Fane
260
_c
2016
650
_x
3D MODELING
856
_u
http://down.ebook777.com/032/1119255791.pdf
999
_c
346237
_d
346237